000 00409nam a2200181Ia 4500
005 20250603144718.0
008 250603s9999 xx 000 0 und d
020 _a9780200681
050 _aKP 77 .O4/
100 _aOluyede, P.A.O.
245 0 _aConstitutional Law in Nigeria
260 _aIbadan
260 _bEvans Brothers
260 _c2001
300 _a670 p
650 _aIbadan
942 _cBK
999 _c39728
_d39728